Fast Math—Half the Number! - Statistics

General Stats
  • This quiz has been taken 33 times
  • The average score is 13 of 15
Answer Stats
Hint Answer % Correct
850 425
100%
152 76
100%
412 206
97%
174 87
97%
368 184
94%
656 328
90%
732 366
87%
582 291
84%
864 432
84%
896 448
84%
792 396
81%
974 487
81%
1136 568
81%
1378 689
74%
1768 884
71%
No matching quizzes found
Score Distribution
Percent of People with Each Score
Percentile by Number Answered
Your Score History
You have not taken this quiz